000
00327nam a22001337a 4500
008
170929b xxu||||| |||| 00| 0 eng d
020
_a
9780312444730
041
_a
eng
080
_a
37
100
_a
47
101
_a
EDU
245
_a
SECOND LANGUAGE WRITING IN THE COMPOSITION CLASSROOM
_c
COX.M
942
_2
udc
_c
BK
999
_c
30591
_d
30591